[Event "St Petersburg Rudenko Memorial (Women)"]
[Site "St Petersburg"]
[Date "2006.09.29"]
[Round "4"]
[White "Minogina, Tamara"]
[Black "Butuc, Maria"]
[Result "1/2-1/2"]
[WhiteElo "2274"]
[BlackElo "2098"]
[PlyCount "56"]
[EventDate "2006.08.26"]
[EventType "swiss"]
[EventRounds "9"]
[EventCountry "RUS"]
[SourceTitle "CBM 113 Extra"]
[Source "ChessBase"]
[SourceDate "2006.09.14"]
[SourceVersion "1"]
[SourceVersionDate "2006.09.14"]
[SourceQuality "1"]

1. d4 Nf6 2. c4 e6 3. Nc3 Bb4 4. e3 0-0 5. Bd3 d5 6. Nf3 dxc4 7. Bxc4 c5 8. 0-0 cxd4 9. exd4 Nc6 10. Bg5 Be7 11. Qd2 b6 12. Rad1 Bb7 13. Qe2 Nd5 14. Bc1 Bf6 15. Nxd5 exd5 16. Bb3 Re8 17. Qb5 Na5 18. Bc2 Nc4 19. Rfe1 Rxe1+ 20. Rxe1 Nd6 21. Qd3 Ne4 22. Bf4 g6 23. Ne5 Bg5 24. Bxg5 Qxg5 25. f3 Nd6 26. Rf1 Qe7 27. Qb3 Rc8 28. Bd3 Kg7 1/2-1/2

[Event "St Petersburg Rudenko Memorial (Women)"]
[Site "St Petersburg"]
[Date "2006.09.03"]
[Round "9"]
[White "Efremova, Daria"]
[Black "Minogina, Tamara"]
[Result "0-1"]
[WhiteElo "1995"]
[BlackElo "2274"]
[PlyCount "58"]
[EventDate "2006.08.26"]
[EventType "swiss"]
[EventRounds "9"]
[EventCountry "RUS"]
[SourceTitle "CBM 113 Extra"]
[Source "ChessBase"]
[SourceDate "2006.09.14"]
[SourceVersion "1"]
[SourceVersionDate "2006.09.14"]
[SourceQuality "1"]

1. d4 d5 2. Nf3 c5 3. c3 e6 4. Bf4 Nc6 5. e3 Nf6 6. Nbd2 Be7 7. Bd3 Nh5 8. Be5 Nxe5 9. Nxe5 Nf6 10. f4 a6 11. Ndf3 Nd7 12. Qc2 f5 13. g4 g6 14. gxf5 exf5 15. Rg1 Nxe5 16. Nxe5 Bd6 17. 0-0-0 Bxe5 18. dxe5 Qa5 19. Kb1 Be6 20. c4 0-0-0 21. Rc1 d4 22. e4 fxe4 23. Bxe4 Rhf8 24. Rgf1 Rf7 25. Rf3 Bg4 26. Ra3 Qc7 27. Rb3 Bf5 28. Rxb7 Qxb7 29. Bxb7+ Kxb7 0-1

[Event "Orel zt (Women)"]
[Site "Orel"]
[Date "1995.??.??"]
[Round "8"]
[White "Stjazhkina, Olga"]
[Black "Minogina, Tamara"]
[Result "1/2-1/2"]
[WhiteElo "2355"]
[BlackElo "2240"]
[PlyCount "59"]
[EventDate "1995.??.??"]
[EventType "tourn"]
[EventRounds "9"]
[EventCountry "RUS"]
[SourceTitle "EXT 1998"]
[Source "ChessBase"]
[SourceDate "1997.11.17"]
[SourceVersion "1"]
[SourceVersionDate "1997.11.17"]
[SourceQuality "1"]

1. e4 c5 2. Nc3 e6 3. f4 d5 4. d3 Nf6 5. e5 Nfd7 6. Nf3 Nc6 7. g3 a6 8. a4 Be7 9. Bg2 Rb8 10. 0-0 b5 11. axb5 axb5 12. Qe2 b4 13. Nd1 g6 14. Nf2 Nd4 15. Nxd4 cxd4 16. Bd2 Nc5 17. b3 Na6 18. g4 h5 19. h3 hxg4 20. hxg4 Rb6 21. Nh1 Rc6 22. Be1 Nc7 23. Ra4 Rb6 24. Qf3 Bd7 25. Ra2 Nb5 26. Ng3 Nc3 27. Bxc3 dxc3 28. d4 Bb5 29. Rfa1 Rb8 30. g5 1/2-1/2

[Event "Orel zt (Women)"]
[Site "Orel"]
[Date "1995.??.??"]
[Round "3"]
[White "Zaitseva, Ludmila G"]
[Black "Minogina, Tamara"]
[Result "1-0"]
[WhiteElo "2320"]
[BlackElo "2240"]
[PlyCount "80"]
[EventDate "1995.??.??"]
[EventType "tourn"]
[EventRounds "9"]
[EventCountry "RUS"]
[SourceTitle "EXT 1998"]
[Source "ChessBase"]
[SourceDate "1997.11.17"]
[SourceVersion "1"]
[SourceVersionDate "1997.11.17"]
[SourceQuality "1"]

1. d4 d5 2. Nf3 Nf6 3. Bf4 c5 4. e3 Nc6 5. c3 Qb6 6. Qb3 c4 7. Qc2 Bf5 8. Qc1 Rc8 9. Nbd2 Na5 10. Be2 e6 11. 0-0 h6 12. Re1 Be7 13. Ne5 Ne4 14. Nxe4 Bxe4 15. Bh5 g6 16. Bd1 g5 17. Bg3 Qd8 18. Bh5 Rf8 19. f3 Bh7 20. Ng4 Nc6 21. Nxh6 Bf6 22. e4 dxe4 23. fxe4 Nxd4 24. cxd4 Qxd4+ 25. Bf2 Qxb2 26. Qd1 Qxa1 27. Qa4+ Ke7 28. Qb4+ Kd7 29. Rxa1 Bxa1 30. Qxb7+ Rc7 31. Qb5+ Kc8 32. Bxf7 Bxe4 33. Bxe6+ Kd8 34. Bxc4 Rb7 35. Qxg5+ Bf6 36. Qa5+ Kd7 37. Bb5+ Ke6 38. Qa6+ Ke5 39. Bg3+ Kd4 40. Qa4+ Kc5 1-0

[Event "RUS-ch (Women)"]
[Site "Elista"]
[Date "1994.??.??"]
[Round "?"]
[White "Minogina, Tamara"]
[Black "Chekhova Kostina, Tatiana M"]
[Result "1/2-1/2"]
[WhiteElo "2250"]
[BlackElo "2260"]
[PlyCount "58"]
[EventDate "1994.??.??"]
[EventType "tourn"]
[EventRounds "11"]
[EventCountry "RUS"]
[SourceTitle "EXT 1997"]
[Source "ChessBase"]
[SourceDate "1996.11.15"]
[SourceVersion "1"]
[SourceVersionDate "1996.11.15"]
[SourceQuality "1"]

1. d4 c5 2. dxc5 e6 3. Be3 Na6 4. c4 Nxc5 5. Nc3 b6 6. b4 Nb7 7. a3 Nd6 8. Qb3 Ba6 9. b5 Bb7 10. Nf3 Rc8 11. Nd2 Nf5 12. Bf4 Qf6 13. e3 g5 14. Bg3 Nxg3 15. hxg3 d5 16. Rc1 Qe7 17. Ncb1 Bg7 18. Qa4 Ba8 19. Bd3 Nf6 20. 0-0 0-0 21. cxd5 Nxd5 22. e4 Nc3 23. Nxc3 Rxc3 24. Rxc3 Bxc3 25. Nc4 Rd8 26. Qc2 Bd4 27. Rd1 Qc5 28. a4 Kg7 29. Kf1 h6 1/2-1/2

[Event "RUS-ch (Women)"]
[Site "Elista"]
[Date "1994.??.??"]
[Round "?"]
[White "Minogina, Tamara"]
[Black "Stepovaia, Tatiana"]
[Result "0-1"]
[WhiteElo "2250"]
[BlackElo "2315"]
[PlyCount "120"]
[EventDate "1994.??.??"]
[EventType "tourn"]
[EventRounds "11"]
[EventCountry "RUS"]
[SourceTitle "EXT 1997"]
[Source "ChessBase"]
[SourceDate "1996.11.15"]
[SourceVersion "1"]
[SourceVersionDate "1996.11.15"]
[SourceQuality "1"]

1. d4 f5 2. Nf3 Nf6 3. c4 e6 4. e3 d6 5. b3 Be7 6. Bb2 0-0 7. Bd3 c6 8. 0-0 a5 9. Nc3 d5 10. Qc2 Ne4 11. Ne2 Nd7 12. Nf4 Ndf6 13. Be2 Bd6 14. Ne5 Qc7 15. f3 Ng5 16. Rac1 Nf7 17. Nfd3 Nd7 18. f4 Be7 19. g4 Ndxe5 20. dxe5 fxg4 21. Bxg4 Nh6 22. Bh3 Qd8 23. Rcd1 Qe8 24. Rf3 Nf5 25. Bxf5 Rxf5 26. Rg3 Bd7 27. Rd2 b5 28. Bd4 Rc8 29. Bc5 Qf8 30. Bxe7 Qxe7 31. Rdg2 g6 32. c5 b4 33. Rd2 Rb8 34. Nf2 Rb5 35. Nd3 Be8 36. Qc1 Kf8 37. Rc2 Bf7 38. Ne1 Be8 39. Nf3 Rb8 40. Nd4 Rf7 41. Rcg2 Bd7 42. f5 Rxf5 43. Nxf5 exf5 44. Qb2 Re8 45. e6 Bxe6 46. Qd4 Qg7 47. Qd1 Bf7 48. h4 Qc3 49. Rc2 Qe5 50. Rh3 h6 51. Rf2 Qf6 52. Qd3 Re4 53. Rf4 Qa1+ 54. Rf1 Rg4+ 55. Kh1 Qe5 56. h5 d4 57. e4 Rxe4 58. hxg6 Bd5 59. g7+ Kg8 60. Rff3 Re3 0-1

[Event "RUS-ch (Women)"]
[Site "Elista"]
[Date "1994.??.??"]
[Round "?"]
[White "Sirotkina, Nina"]
[Black "Minogina, Tamara"]
[Result "1/2-1/2"]
[WhiteElo "2225"]
[BlackElo "2250"]
[PlyCount "48"]
[EventDate "1994.??.??"]
[EventType "tourn"]
[EventRounds "11"]
[EventCountry "RUS"]
[SourceTitle "EXT 1997"]
[Source "ChessBase"]
[SourceDate "1996.11.15"]
[SourceVersion "1"]
[SourceVersionDate "1996.11.15"]
[SourceQuality "1"]

1. d4 d5 2. c4 e6 3. Nc3 Nf6 4. cxd5 exd5 5. Bg5 Be7 6. e3 c6 7. Qc2 0-0 8. Bd3 Nbd7 9. Nge2 Re8 10. h3 Nf8 11. g4 b6 12. 0-0-0 a5 13. Ng3 g6 14. Kb1 Ba6 15. Bxa6 Rxa6 16. Qe2 Ra7 17. h4 N6d7 18. Bxe7 Qxe7 19. g5 b5 20. Qc2 Nb6 21. Nce2 Nc4 22. Nf1 a4 23. Nd2 Rb8 24. Nf4 Ne6 1/2-1/2

[Event "Budapest FS10 IM (Women)"]
[Site "Budapest"]
[Date "1993.??.??"]
[Round "8"]
[White "Kiss, Fernanda"]
[Black "Minogina, Tamara"]
[Result "0-1"]
[WhiteElo "2085"]
[BlackElo "2230"]
[PlyCount "72"]
[EventDate "1993.10.??"]
[EventType "tourn"]
[EventRounds "11"]
[EventCountry "HUN"]
[SourceTitle "EXT 1997"]
[Source "ChessBase"]
[SourceDate "1996.11.15"]
[SourceVersion "1"]
[SourceVersionDate "1996.11.15"]
[SourceQuality "1"]

1. e4 c5 2. Nf3 e6 3. d4 cxd4 4. Nxd4 Nf6 5. Nc3 d6 6. Be3 Be7 7. f3 a6 8. Qd2 b5 9. g4 Bb7 10. 0-0-0 Nc6 11. h4 Rc8 12. Bh3 Nd7 13. g5 Nc5 14. Qh2 b4 15. Nd5 exd5 16. Bxc8 Qxc8 17. Nxc6 Qxc6 18. exd5 Qc7 19. Bxc5 Qxc5 20. Rhe1 Bc8 21. h5 Be6 22. f4 0-0 23. g6 Bf6 24. h6 hxg6 25. Rh1 gxh6 26. Qxh6 Rc8 27. Qh7+ Kf8 28. Qh2 Bf5 29. Rd2 a5 30. Re1 a4 31. Qh6+ Bg7 32. Qh2 a3 33. bxa3 Qc3 34. Rde2 Qa1+ 35. Kd2 Rxc2+ 36. Ke3 Qxe1 0-1

[Event "Moscow (Women)"]
[Site "Moscow"]
[Date "1992.??.??"]
[Round "2"]
[White "Minogina, Tamara"]
[Black "Grabuzova, Tatiana"]
[Result "0-1"]
[WhiteElo "2195"]
[BlackElo "2210"]
[PlyCount "98"]
[EventDate "1992.??.??"]
[EventType "tourn"]
[EventRounds "11"]
[EventCountry "RUS"]
[SourceTitle "EXT 2002"]
[Source "ChessBase"]
[SourceDate "2001.11.25"]
[SourceVersion "1"]
[SourceVersionDate "2001.11.25"]
[SourceQuality "1"]

1. d4 e6 2. c4 b6 3. a3 Bb7 4. Nc3 f5 5. d5 Nf6 6. Nf3 g6 7. Bf4 Na6 8. b4 Bg7 9. Rc1 0-0 10. e3 Ne4 11. Nxe4 fxe4 12. Bg5 Bf6 13. Bh6 exf3 14. Bxf8 Qxf8 15. Qb3 Be7 16. g3 c5 17. b5 Nc7 18. Rd1 e5 19. e4 Qf6 20. Bh3 d6 21. Bg4 Rf8 22. Rd3 Qg5 23. Bxf3 Rxf3 24. Rxf3 Qc1+ 25. Qd1 Qxc4 26. Qd3 Qxb5 27. Qxb5 Nxb5 28. h4 Nd4 29. Rc3 b5 30. Kd2 Bd8 31. Ke3 a5 32. f4 Bb6 33. a4 b4 34. Rc4 Ba6 35. Kd3 Ne2 36. fxe5 dxe5 37. Re1 Nxg3 38. Rec1 Nh5 39. Kd2 Bxc4 40. Rxc4 Nf6 41. Kd3 Ne8 42. Rc1 Nd6 43. h5 c4+ 44. Kc2 b3+ 45. Kb1 Be3 46. Re1 Bd2 47. Rg1 g5 48. h6 c3 49. Ka1 c2 0-1

[Event "Moscow7 op"]
[Site "Moscow"]
[Date "1991.??.??"]
[Round "?"]
[White "Glek, Igor Vladimirovich"]
[Black "Minogina, Tamara"]
[Result "1-0"]
[WhiteElo "2530"]
[BlackElo "2200"]
[PlyCount "95"]
[EventDate "1991.09.??"]
[EventType "swiss"]
[EventRounds "9"]
[EventCountry "URS"]
[SourceTitle "EXT 2000"]
[Source "ChessBase"]
[SourceDate "1999.11.16"]
[SourceVersion "1"]
[SourceVersionDate "1999.11.16"]
[SourceQuality "1"]

1. e4 c5 2. Nf3 e6 3. d4 cxd4 4. Nxd4 Nf6 5. Nc3 d6 6. Be2 Nc6 7. 0-0 Be7 8. Kh1 0-0 9. f4 Qc7 10. Be3 Nxd4 11. Bxd4 e5 12. Be3 exf4 13. Bxf4 Be6 14. Qd3 a6 15. Qg3 Ne8 16. Rad1 Rd8 17. e5 dxe5 18. Bxe5 Qb6 19. Rxd8 Bxd8 20. Ne4 f6 21. Bc3 Qc7 22. Qxc7 Bxc7 23. Nc5 Bc8 24. Bc4+ Kh8 25. Ne6 Bxe6 26. Bxe6 Nd6 27. Bd5 b6 28. Re1 Re8 29. Rxe8+ Nxe8 30. Bd4 Nd6 31. g4 h6 32. Kg2 Kh7 33. h4 Kg6 34. Kf3 h5 35. Be6 hxg4+ 36. Kxg4 f5+ 37. Bxf5+ Nxf5 38. h5+ Kh6 39. Kxf5 Kxh5 40. Bxg7 b5 41. Bf6 Bg3 42. b3 Bf2 43. c4 bxc4 44. bxc4 Bc5 45. a4 Kh6 46. Ke6 Kg6 47. Be7 Be3 48. c5 1-0

[Event "Moscow7 op"]
[Site "Moscow"]
[Date "1991.??.??"]
[Round "?"]
[White "Minogina, Tamara"]
[Black "Murey, Jacob"]
[Result "0-1"]
[WhiteElo "2200"]
[BlackElo "2450"]
[PlyCount "161"]
[EventDate "1991.09.??"]
[EventType "swiss"]
[EventRounds "9"]
[EventCountry "URS"]
[SourceTitle "EXT 2000"]
[Source "ChessBase"]
[SourceDate "1999.11.16"]
[SourceVersion "1"]
[SourceVersionDate "1999.11.16"]
[SourceQuality "1"]

1. d4 Nf6 2. c4 g6 3. Nc3 Bg7 4. e4 d6 5. Be2 0-0 6. Nf3 e5 7. d5 Nh5 8. 0-0 Nf4 9. Re1 Nxe2+ 10. Qxe2 h6 11. Nd2 Nd7 12. Nf1 a6 13. Be3 f5 14. exf5 gxf5 15. f4 Qh4 16. g3 Qh3 17. Rac1 Nf6 18. Nd1 Bd7 19. Nf2 Qh5 20. Qxh5 Nxh5 21. c5 Bb5 22. b3 Rae8 23. a4 exf4 24. gxf4 Bxf1 25. Kxf1 Nf6 26. Rcd1 Kf7 27. cxd6 cxd6 28. Bc1 Rxe1+ 29. Kxe1 Rc8 30. Ba3 Ke7 31. Rd3 Kd7 32. Bb2 Rc2 33. Rd2 Rc5 34. Bd4 Rc8 35. Ke2 Nh5 36. Bxg7 Nxg7 37. Nd1 Nh5 38. Kf3 Nf6 39. Rd3 Rc2 40. Ne3 Rxh2 41. Nxf5 Rh3+ 42. Ke2 Rh5 43. Ne3 Rh2+ 44. Kf3 h5 45. Kg3 Rh1 46. Rd4 Rc1 47. Kh4 Rc3 48. Nf5 Rxb3 49. Kg5 Ne8 50. Kxh5 a5 51. Kg6 Nc7 52. Kf7 Rb4 53. Rxb4 axb4 54. Nd4 Nxd5 55. f5 Ne7 56. f6 Nc6 57. Nxc6 b3 58. Nb8+ Kc7 59. Kg7 b2 60. f7 b1Q 61. f8Q Qa1+ 62. Kg6 Qxa4 63. Kg5 Qe4 64. Kh5 d5 65. Kg5 d4 66. Na6+ bxa6 67. Qc5+ Kd7 68. Qa7+ Kd6 69. Qxa6+ Kc5 70. Qa4 Qc6 71. Qa3+ Kc4 72. Qc1+ Kd5 73. Qh1+ Kd6 74. Qh2+ Kc5 75. Qc2+ Kb6 76. Qf2 Qe4 77. Qb2+ Kc5 78. Qa3+ Kc4 79. Qc1+ Kb3 80. Qd1+ Kc3 81. Qc1+ 0-1

[Event "Moscow7 op"]
[Site "Moscow"]
[Date "1991.??.??"]
[Round "?"]
[White "Savon, Vladimir A"]
[Black "Minogina, Tamara"]
[Result "1-0"]
[WhiteElo "2460"]
[BlackElo "2200"]
[PlyCount "65"]
[EventDate "1991.09.??"]
[EventType "swiss"]
[EventRounds "9"]
[EventCountry "URS"]
[SourceTitle "EXT 2000"]
[Source "ChessBase"]
[SourceDate "1999.11.16"]
[SourceVersion "1"]
[SourceVersionDate "1999.11.16"]
[SourceQuality "1"]

1. e4 c5 2. Nf3 e6 3. d4 cxd4 4. Nxd4 Nf6 5. Nc3 d6 6. g4 Nc6 7. g5 Nd7 8. Be3 a6 9. Rg1 Nxd4 10. Qxd4 b5 11. 0-0-0 Qa5 12. Kb1 b4 13. Ne2 Rb8 14. f4 Qc5 15. Qd2 Qc7 16. f5 Nc5 17. Ng3 Na4 18. Ka1 g6 19. Bd4 e5 20. Be3 Bb7 21. Qd3 Rc8 22. Rg2 Qa5 23. Qb3 Nc3 24. Re1 gxf5 25. bxc3 Rxc3 26. Qb2 f4 27. Bd2 Ra3 28. Bc4 Qc7 29. Bxb4 Rf3 30. Be2 Re3 31. Bd2 Bxe4 32. Nxe4 Rxe4 33. Bb5+ 1-0

[Event "Moscow (Women)"]
[Site "Moscow"]
[Date "1990.??.??"]
[Round "?"]
[White "Minogina, Tamara"]
[Black "Micic, Snezana"]
[Result "1/2-1/2"]
[WhiteElo "2150"]
[BlackElo "2120"]
[PlyCount "116"]
[EventDate "1990.??.??"]
[EventType "swiss"]
[EventRounds "9"]
[EventCountry "URS"]
[SourceTitle "TD"]
[Source "ChessBase"]
[SourceDate "1994.03.01"]
[SourceVersion "1"]
[SourceVersionDate "1994.03.01"]
[SourceQuality "1"]

1. d4 d5 2. c4 c6 3. e3 Nf6 4. Nc3 e6 5. Nf3 Nbd7 6. Bd3 Bb4 7. 0-0 0-0 8. Qc2 Re8 9. a3 Ba5 10. Rd1 Qe7 11. b4 Bc7 12. e4 dxc4 13. Bxc4 e5 14. Ng5 Rf8 15. d5 Nb6 16. Bb3 h6 17. Nf3 cxd5 18. exd5 e4 19. Re1 Re8 20. Bb2 Bg4 21. Nd2 Bf5 22. Nf1 Rac8 23. Qd2 Rcd8 24. f3 Qd7 25. fxe4 Nxe4 26. Nxe4 Bxe4 27. Rad1 Qg4 28. Qe2 Qg6 29. Qf2 Rf8 30. Bd4 Nxd5 31. Bc5 Nf4 32. Ng3 Bxg2 33. Rxd8 Rxd8 34. Bc2 Qc6 35. Bf5 g6 36. b5 Qd5 37. Be3 Nh3+ 38. Bxh3 Bxh3 39. Bxa7 b6 40. Ne4 Kg7 41. Qf6+ Kg8 42. Bxb6 Re8 43. Bd4 Be5 44. Bxe5 Rxe5 45. Qh4 Qd4+ 46. Kh1 Qd5 47. Qxh3 Rxe4 48. Rxe4 Qxe4+ 49. Kg1 Qd4+ 50. Kg2 Qb2+ 51. Kg1 Qxb5 52. Qc8+ Kg7 53. Qa8 f5 54. a4 Qb1+ 55. Kg2 Qc2+ 56. Kg1 Qd1+ 57. Kg2 Qd2+ 58. Kg1 Qe1+ 1/2-1/2

[Event "URS-ch sf3 (Women) 45th"]
[Site "Vitebsk"]
[Date "1985.??.??"]
[Round "?"]
[White "Eidelson, Rakhil"]
[Black "Minogina, Tamara"]
[Result "0-1"]
[WhiteElo "2125"]
[BlackElo "2110"]
[PlyCount "81"]
[EventDate "1985.07.??"]
[EventType "tourn"]
[EventRounds "15"]
[EventCountry "URS"]
[SourceTitle "EXT 2015"]
[Source "ChessBase"]
[SourceDate "2014.11.20"]
[SourceVersion "1"]
[SourceVersionDate "2014.11.20"]
[SourceQuality "1"]

1. d4 Nf6 2. c4 e6 3. Nc3 Bb4 4. e3 0-0 5. a3 Bxc3+ 6. bxc3 d6 7. Bd3 e5 8. f3 e4 9. fxe4 Nxe4 10. Nf3 f5 11. Qc2 Qe7 12. 0-0 Nd7 13. a4 c5 14. Nd2 Ndf6 15. Nxe4 fxe4 16. Be2 Bg4 17. a5 Rac8 18. Rb1 Rc7 19. Ba3 Be6 20. Rf4 Rfc8 21. dxc5 dxc5 22. Rbf1 Rd8 23. g4 h6 24. h4 Rcd7 25. Bc1 Rd6 26. R1f2 Bc8 27. g5 hxg5 28. hxg5 Nh7 29. Rxe4 Qxg5+ 30. Rg2 Qh6 31. Re5 Nf6 32. Reg5 Re8 33. Rg6 Qh7 34. Bd3 Red8 35. Be2 Ne8 36. Qe4 Rxg6 37. Rxg6 Nf6 38. Qg2 Bh3 39. Qg5 Kf7 40. Rxf6+ gxf6 41. Qh5+ 0-1

[Event "URS-ch (Women) 42nd"]
[Site "Tallinn"]
[Date "1982.12.??"]
[Round "?"]
[White "Tsereteli, Mzia"]
[Black "Minogina, Tamara"]
[Result "0-1"]
[WhiteElo "2160"]
[BlackElo "2020"]
[PlyCount "76"]
[EventDate "1982.12.??"]
[EventType "tourn"]
[EventRounds "17"]
[EventCountry "URS"]
[SourceTitle "EXT 2006"]
[Source "ChessBase"]
[SourceDate "2005.11.24"]
[SourceVersion "1"]
[SourceVersionDate "2005.11.24"]
[SourceQuality "1"]

1. e4 c5 2. Nf3 e6 3. d4 cxd4 4. Nxd4 Nf6 5. Nc3 d6 6. g3 Nc6 7. Bg2 Bd7 8. Be3 Be7 9. 0-0 0-0 10. Qe2 a6 11. f4 Qc7 12. Nb3 b5 13. a3 Rab8 14. Kh1 Rfd8 15. g4 Be8 16. g5 Nd7 17. f5 Nde5 18. Rad1 Qb7 19. f6 Bf8 20. Qh5 b4 21. fxg7 Bxg7 22. axb4 Qxb4 23. Rf4 Ng6 24. Rf3 a5 25. Rh3 Nf8 26. Bc1 a4 27. Nd2 Ne5 28. Na2 Qc5 29. c3 f6 30. Qh4 fxg5 31. Qxg5 Nd3 32. Qxc5 dxc5 33. Kg1 Nxc1 34. Nxc1 Rxb2 35. Nd3 Rc2 36. Nb1 c4 37. Nf2 Rxd1+ 38. Nxd1 Rc1 0-1